000
00283nam a22001217a 4500
008
171013b xxu||||| |||| 00| 0 eng d
041
_a
eng
080
_2
2ND
_a
316
100
_a
50
101
_a
SOC
245
_a
FOUNDATIONS OF BEHAVIORAL RESEARCH
_c
KERLINGER,F.N
942
_2
udc
_c
BK
999
_c
33665
_d
33665